Dodici Dei dell'Olimpo - Statistics

Statistiche generali
  • Questo quiz è stato fatto 378 volte
  • Il punteggio medio è 8 su 12
Statistiche sulle risposte
Dodici dei dell'Olimpo % Corretto
Zeus
99%
Atena
84%
Poseidone
82%
Era
80%
Afrodite
79%
Apollo
76%
Ares
74%
Artemide
63%
Ermes
58%
Efesto
56%
Dioniso
36%
Demetra
31%
Nessun quiz corrispondente trovato
Distribuzione punteggi
Percentuale di utenti per punteggio
Percentile per numero di risposta
I tuoi punteggi nel tempo
Non hai fatto questo quiz